000 00503nam a2200169Ia 4500
001 61534
008 141120s9999 xx 000 0 und d
020 _a9788129129901
040 _cPK-LaUMT
082 _a 954.035
_bMER-N
100 _aMerchant, Minhaz
245 4 _aThe new clash of civilizations
_bhow the contest between America, China, India and Islam will shape our century
_cMerchant, Minhaz
260 _aNew Delhi,India:
_bRainlight,
_c2013
300 _a314 p.
546 _aEN
942 _cBK
999 _c61977
_d61977